Countries with the Longest Total Borders with Exceptions - Statistics

General Stats
  • This quiz has been taken 170 times
  • The average score is 13 of 20
Answer Stats
km country % Correct
6,171 Chile
81%
5,697 Niger
76%
7,243 Mali
71%
5,529 Afghanistan
67%
6,743 Bolivia
67%
5,328 Ethiopia
65%
5,504 Republic of the Congo
65%
6,774 Pakistan
63%
4,862 South Africa
63%
6,004 Colombia
62%
4,863 Thailand
62%
6,221 Uzbekistan
62%
4,993 Venezuela
62%
5,074 Mauritania
60%
5,876 Myanmar
60%
5,198 Angola
58%
5,213 Central African Republic
58%
5,667 Zambia
58%
4,797 South Sudan
57%
5,083 Laos
47%
No matching quizzes found
Score Distribution
Percent of People with Each Score
Percentile by Number Answered
Your Score History
You have not taken this quiz